00752nam a2200205 a 450000100100000000500170001000800410002702000150006804000250008324500900010826000320019830000200023049000230025050000730027370000390034683000300038504900090041595201050042499900170052900003386320200930070559.0110913s2001 es 000 0 spa d a8474328977 aDO-SdBNPbspacBNPHU03aLa sociedad hispano medieval II :bsus estructuras /cMa. del C. Carlé... [et. al]. aBarcelona :bGedisa,c2001. a90 p. ;c22 cm.1 aCla de ma Historia aIncluye referencias bibliográficas y notas al pie de las páginas1 aCarlé, María del Carmen959284 0aCla de ma Historia959285 aBNPD 001050718MOaGRbGRcCTd2011-09-13iLF1l0o p33863-10r2020-06-25w2020-06-25y1ZNo se presta c33354d33354